Copa América - Entrenadores Siglo XXI - Estadísticas

Estadísticas generales
  • Esta prueba ha sido intentada 57 veces
  • La puntuación promedio es 40 de 114
Estadísticas de respuestas
Selección Edición Entrenador % Correcto
Argentina 2019 Lionel Scaloni
95%
Argentina 2021 Lionel Scaloni
95%
Argentina 2024 Lionel Scaloni
95%
Chile 2015 Jorge Sampaoli
84%
Colombia 2015 José Néstor Pekerman
84%
Colombia 2016 José Néstor Pekerman
84%
Argentina 2004 Marcelo Bielsa
84%
Uruguay 2024 Marcelo Bielsa
84%
Uruguay 2007 Óscar Washington Tabárez
79%
Uruguay 2011 Óscar Washington Tabárez
79%
Uruguay 2015 Óscar Washington Tabárez
79%
Uruguay 2016 Óscar Washington Tabárez
79%
Uruguay 2019 Óscar Washington Tabárez
79%
Uruguay 2021 Óscar Washington Tabárez
79%
Brasil 2001 Luiz Felipe Scolari
74%
Chile 2024 Ricardo Gareca
74%
Perú 2015 Ricardo Gareca
74%
Perú 2016 Ricardo Gareca
74%
Perú 2019 Ricardo Gareca
74%
Perú 2021 Ricardo Gareca
74%
Argentina 2015 Gerardo Martino
71%
Argentina 2016 Gerardo Martino
71%
Paraguay 2007 Gerardo Martino
71%
Paraguay 2011 Gerardo Martino
71%
Venezuela 2024 Fernando Batista
68%
Argentina 2011 Sergio Batista
68%
Brasil 2007 Dunga
63%
Brasil 2015 Dunga
63%
Brasil 2016 Dunga
63%
Ecuador 2021 Gustavo Alfaro
63%
Costa Rica 2024 Gustavo Alfaro
63%
Chile 2016 Juan Antonio Pizzi
61%
Brasil 2019 Tité
61%
Brasil 2021 Tité
61%
Argentina 2007 Alfio Basile
55%
Colombia 2024 Néstor Lorenzo
53%
México 2015 Miguel Herrera
50%
Brasil 2024 Dorival Júnior
39%
Chile 2019 Reinaldo Rueda
39%
Colombia 2004 Reinaldo Rueda
39%
Colombia 2021 Reinaldo Rueda
39%
Ecuador 2011 Reinaldo Rueda
39%
México 2001 Javier Aguirre
37%
Paraguay 2015 Ramón Díaz
37%
Paraguay 2016 Ramón Díaz
37%
Chile 2011 Claudio Borghi
34%
Colombia 2011 Hernán Darío Gómez
32%
Ecuador 2001 Hernán Darío Gómez
32%
Ecuador 2004 Hernán Darío Gómez
32%
Ecuador 2019 Hernán Darío Gómez
32%
Panamá 2016 Hernán Darío Gómez
32%
México 2007 Hugo Sánchez
32%
México 2004 Ricardo LaVolpe
32%
Costa Rica 2011 Ricardo LaVolpe
32%
Bolivia 2007 Erwin Sánchez
29%
Ecuador 2024 Félix Sánchez Bas
29%
Qatar 2019 Félix Sánchez Bas
29%
Brasil 2004 Carlos Alberto Parreira
26%
Colombia 2019 Carlos Queiroz
26%
Estados Unidos 2016 Jürgen Klinsmann
26%
Paraguay 2019 Eduardo Berizzo
24%
Paraguay 2021 Eduardo Berizzo
24%
México 2016 Juan Carlos Osorio
24%
Colombia 2001 Francisco Maturana
21%
Venezuela 2016 Rafael Dudamel
21%
Venezuela 2019 Rafael Dudamel
21%
Paraguay 2024 Daniel Garnero
18%
Bolivia 2021 César Farías
16%
Venezuela 2011 César Farías
16%
Bolivia 2011 Gustavo Quinteros
16%
Ecuador 2015 Gustavo Quinteros
16%
Ecuador 2016 Gustavo Quinteros
16%
Perú 2024 Jorge Fossati
16%
Uruguay 2004 Jorge Fossati
16%
Chile 2007 Nelson Acosta
16%
Chile 2001 Pedro García Barros
13%
Japón 2019 Hajime Moriyasu
11%
México 2024 Jaime Lozano
11%
Canadá 2024 Jesse Marsch
11%
Brasil 2011 Mario Menezes
11%
Chile 2021 Martín Lasarte
11%
Panamá 2024 Thomas Christiansen
11%
Estados Unidos 2007 Bob Bradley
8%
Estados Unidos 2024 Gregg Berhalter
8%
Colombia 2007 Jorge Luis Pinto
8%
Costa Rica 2004 Jorge Luis Pinto
8%
Venezuela 2001 Richard Páez
8%
Venezuela 2004 Richard Páez
8%
Venezuela 2007 Richard Páez
8%
Paraguay 2001 Sergio Markarián
8%
Perú 2011 Sergio Markarián
8%
Bolivia 2024 Antonio Carlos Zago
5%
Bolivia 2019 Eduardo Villegas
5%
Perú 2001 Julio César Uribe
5%
Perú 2007 Julio César Uribe
5%
Chile 2004 Juvenal Olmos
5%
Venezuela 2015 Noel San Vicente
5%
Costa Rica 2016 Óscar Ramírez
5%
Perú 2004 Paulo Autuori
5%
Uruguay 2001 Víctor Púa
5%
Jamaica 2015 Winfried Schäfer
5%
Jamaica 2016 Winfried Schäfer
5%
Paraguay 2004 Carlos Jara Saguier
3%
Jamaica 2024 Heimir Hallgrímsson
3%
Venezuela 2021 José Peseiro
3%
Bolivia 2016 Julio César Baldivieso
3%
Ecuador 2007 Luis Fernando Suárez
3%
México 2011 Luis Fernando Tena
3%
Bolivia 2015 Mauricio Soria
3%
Haití 2016 Patrice Neveu
3%
Costa Rica 2001 Alexandre Guimaraes
0%
Bolivia 2001 Carlos Aragonés
0%
Bolivia 2004 Ramiro Blacutt
0%
Honduras 2001 Ramón Madariaga
0%
No se encontraron pruebas coincidentes
Distribución de puntuación
Porcentaje de gente con cada puntuación
Porcentaje por número respondido
Historial de tus puntuaciones
No has intentado esta prueba.